Youth violence in American schools: how can it be alleviated
| Contributors: | |
|---|---|
| Format: | Print Book |
| Language: | English |
| Published: |
Lewiston [u.a.]
Edwin Mellen Press
c2009
|
| In: | Year: 2009 |
| Online Access: |
Table of Contents Table of Contents |
| Availability in Tübingen: | Present in Tübingen. UB: KB 20 A 3850 |
| Check availability: | HBZ Gateway |
| Subito Delivery Service: | Order now. |
| Keywords: |
MARC
| LEADER | 00000cam a2200000 c 4500 | ||
|---|---|---|---|
| 001 | 161933013X | ||
| 003 | DE-627 | ||
| 005 | 20260206192818.0 | ||
| 007 | tu | ||
| 008 | 090504s2009 xxu||||| 00| ||eng c | ||
| 010 | |a 2009006518 | ||
| 020 | |a 9780773449176 |9 978-0-7734-4917-6 | ||
| 020 | |a 0773449175 |9 0-7734-4917-5 | ||
| 035 | |a (DE-627)161933013X | ||
| 035 | |a (DE-603)216228352 | ||
| 035 | |a (DE-576)306193019 | ||
| 035 | |a (DE-599)BSZ306193019 | ||
| 035 | |a (OCoLC)608424132 | ||
| 040 | |a DE-627 |b ger |c DE-627 |e rakwb | ||
| 041 | |a eng | ||
| 044 | |c XD-US | ||
| 050 | 0 | |a LB3013.32 | |
| 082 | 0 | |a 371.7820973 | |
| 082 | 0 | |a 371.7/820973 | |
| 245 | 0 | 0 | |a Youth violence in American schools |b how can it be alleviated |c edited by Rose M. Duhon-Sells; Ashraf Esmail; James Takona; with a foreword by Press Robinson |
| 264 | 1 | |a Lewiston [u.a.] |b Edwin Mellen Press |c c2009 | |
| 300 | |a V, 185 S. | ||
| 336 | |a Text |b txt |2 rdacontent | ||
| 337 | |a ohne Hilfsmittel zu benutzen |b n |2 rdamedia | ||
| 338 | |a Band |b nc |2 rdacarrier | ||
| 500 | |a Includes bibliographical references | ||
| 583 | 1 | |a Archivierung prüfen |c 20200919 |f DE-640 |z 1 |2 pdager | |
| 650 | 0 | |a School Violence |x Prevention |x United States | |
| 650 | 0 | |a Youth and violence |x Prevention |x United States | |
| 650 | 0 | |a Children and violence |x Prevention |x United States | |
| 650 | 0 | |a Peace |x Study and teaching |x United States | |
| 650 | 0 | 7 | |0 (DE-588)4020832-1 |0 (DE-627)10631663X |0 (DE-576)208934979 |a Gewalt |2 gnd |
| 650 | 0 | 7 | |0 (DE-588)4076308-0 |0 (DE-627)104364106 |0 (DE-576)209201428 |a Prävention |2 gnd |
| 650 | 0 | 7 | |0 (DE-588)4053369-4 |0 (DE-627)106167367 |0 (DE-576)20910354X |a Schüler |2 gnd |
| 651 | 7 | |0 (DE-588)4078704-7 |0 (DE-627)106076612 |0 (DE-576)209209682 |a Usa |2 gnd | |
| 655 | 7 | |a Aufsatzsammlung |0 (DE-588)4143413-4 |0 (DE-627)105605727 |0 (DE-576)209726091 |2 gnd-content | |
| 689 | 0 | 0 | |d g |0 (DE-588)4078704-7 |0 (DE-627)106076612 |0 (DE-576)209209682 |a USA |2 gnd |
| 689 | 0 | 1 | |d s |0 (DE-588)4053474-1 |0 (DE-627)104409630 |0 (DE-576)209103981 |a Schule |2 gnd |
| 689 | 0 | 2 | |d s |0 (DE-588)4157237-3 |0 (DE-627)105502421 |0 (DE-576)209832878 |a Gewalttätigkeit |2 gnd |
| 689 | 0 | |5 (DE-627) | |
| 700 | 1 | |a Duhon-Sells, Rose M. |e Hrsg. |0 (DE-627)1244470856 |0 (DE-576)174470851 |4 edt | |
| 856 | 4 | 2 | |u https://swbplus.bsz-bw.de/bsz306193019inh.htm |m B:DE-576;DE-21 |q application/pdf |v 20090810080720 |x Verlag |3 Inhaltsverzeichnis |7 1 |
| 856 | 4 | 2 | |u http://scans.hebis.de/HEBCGI/show.pl?21622835_toc.pdf |m V:DE-604 |q application/pdf |3 Inhaltsverzeichnis |7 1 |
| 935 | |a MZUSA | ||
| 936 | s | n | |a d100 |2 mzub |
| 951 | |a BO | ||
| ELC | |b 1 | ||
| LOK | |0 000 xxxxxcx a22 zn 4500 | ||
| LOK | |0 001 3223915311 | ||
| LOK | |0 003 DE-627 | ||
| LOK | |0 004 161933013X | ||
| LOK | |0 005 20090728084456 | ||
| LOK | |0 008 090504||||||||||||||||ger||||||| | ||
| LOK | |0 040 |a DE-21 |c DE-627 |d DE-21 | ||
| LOK | |0 852 |a DE-21 | ||
| LOK | |0 852 1 |c KB 20 A 3850 |9 00 | ||
| LOK | |0 935 |a krim | ||
| LOK | |0 936ln |a k4.2.2 | ||
| LOK | |0 938 |a 0907 |f 34 | ||
| LOK | |0 939 |a 04-05-09 |b l01 | ||
| ORI | |a SA-MARC-krimdoka001.raw | ||
| SIG | |a UB: KB 20 A 3850 | ||
